serun
ՀԱՅ ԳԻՐՔ = Armenian Book

Հայ անվանի բժիշկները ։ (Record no. 166137)

000 -LEADER
fixed length control field nam a22 a 4500
003 - CONTROL NUMBER IDENTIFIER
control field AM-YeNLA
005 - DATE AND TIME OF LATEST TRANSACTION
control field 20260406155149.0
007 - PHYSICAL DESCRIPTION FIXED FIELD--GENERAL INFORMATION
fixed length control field ta
008 - FIXED-LENGTH DATA ELEMENTS--GENERAL INFORMATION
fixed length control field 260406s2025 ai o|||gr|||||000|0|arm||
020 ## - INTERNATIONAL STANDARD BOOK NUMBER
International Standard Book Number 978-9939-0-5095-9
040 ## - CATALOGING SOURCE
Language of cataloging arm
Transcribing agency AM-YeNLA
041 0# - LANGUAGE CODE
Language code of text/sound track or separate title arm
245 00 - TITLE STATEMENT
Title Հայ անվանի բժիշկները ։
Number of part/section of a work Մաս Բ ։
Name of part/section of a work Կենսագրական հանրագիտարան /
Statement of responsibility, etc. ԱԱԻ ազգային գիտաբժշկ. գրադ. ; Գլխ. խմբ.՝ Ա.Ե. Շիրինյան.
260 ## - PUBLICATION, DISTRIBUTION, ETC. (IMPRINT)
Place of publication, distribution, etc. Երևան :
Name of publisher, distributor, etc. Հեղինակային հրատարակություն,
Date of publication, distribution, etc. 2025.
300 ## - PHYSICAL DESCRIPTION
Extent 239 էջ ։
Other physical details լուսանկարներ ;
Dimensions 23 սմ.
650 14 - SUBJECT ADDED ENTRY--TOPICAL TERM
Topical term or geographic name as entry element Հայ անվանի բժիշկներ
Form subdivision Կենսագրություններ
650 14 - SUBJECT ADDED ENTRY--TOPICAL TERM
Topical term or geographic name as entry element Բժշկության պատմություն
700 1# - ADDED ENTRY--PERSONAL NAME
Personal name Շիրինյան, Աննա Երվանդի
Dates associated with a name խմբագիր
Relator code edt
710 2# - ADDED ENTRY--CORPORATE NAME
Corporate name or jurisdiction name as entry element ԱԱԻ Հանրապետական գիտաբժշկական գրադարան
942 ## - ADDED ENTRY ELEMENTS (KOHA)
Source of classification or shelving scheme
Koha item type Books
Holdings
Withdrawn status Lost status Source of classification or shelving scheme Damaged status Not for loan Permanent Location Current Location Date acquired Inventory number Date last seen Price effective from Koha item type
          National Library of Armenia National Library of Armenia 2026-04-06 ՀԱԳ 2026-04-06 2026-04-06 Books

Հայաստանի ազգային գրադարան ՀՀ, 0009,Երևան, Տերյան 72
Հետադարձ կապ